00634nam a2200217 a 4500001001300000003000900013005001700022008004100039020002300080082001600103100002400119245002100143260003500164300000900199500003500208650001000243902000800253942000700261952013100268999001700399nice12345678IN_TiNIC20260116015334.0110420s2007 newa grp 000 0 eng  a9781597841238c70000a297.54bSEN aSentirk, Omer Faruk aCharity in Islam aNew Jersey, USA bLight c2007 a172p aincludes index and biblioraphy aZakat bSRS cBK 001040708StackRoom-aHMIbHMId2011-04-20g700.00l4o297.54 SENp11002278r2019-06-10s2019-04-15v700.00w2011-04-20yBK c19288d19288